000 01940nam a2200469 i 4500
003 CO-BoRNBP
005 20231018194858.0
007 ta
008 201030s2020 ck ||e|||||s00| ddspa d
020 _a9789585144019
040 _aCO-BoRNBP
_bspa
_cCO-BoRNBP
_erda
041 0 _aspa
043 _as-ck---
084 _aT ZAP2
100 1 _aZapata Olivella, Manuel
_d1920-2004
_eautor
_91211
245 1 0 _aHotel de vagabundos
_bteatro (1954)
_cManuel Zapata Olivella
250 _aSegunda edición
264 1 _aCali
_bUniversidad del Valle
_c2020
300 _a149 páginas
_c24 cm
336 _2rdacontent
_atexto
_btxt
337 _2rdamedia
_asin mediación
_bn
338 _2rdacarrier
_avolumen
_bnc
490 0 _aAño Manuel Zapata Olivella. Ministerio de Cultura
500 _aEdición coeditada por las siguientes instituciones colombianas: Ministerio de Cultura, Instituto Caro y Cuervo, Biblioteca Nacional de Colombia, Universidad del Valle, Universidad de Cartagena, Universidad de Córdoba, Universidad Tecnológica de Pereira
500 _aIncluye análisis de la obra al final del texto
521 _aRecomendado para público adulto
545 _aIncluye datos biográficos del autor en la solapa
600 1 4 _aZapata Olivella, Manuel
_d1920-2004
_xCrítica e interpretación
_92149
650 1 7 _2LEMB
_aTeatro colombiano
_ySiglo XX
_91619
650 1 7 _2LEMB
_aLiteratura colombiana
_ySiglo XX
_9427
650 1 7 _2LEMB
_aAutores colombianos
_ySiglo XX
_9428
650 1 7 _2LEMB
_aVagabundos
_vTeatro
_92278
650 1 7 _2LEMB
_aLibertad
_vTeatro
_92279
710 1 2 _aColombia
_bMinisterio de Cultura
_91875
710 2 _aInsituto Caro y Cuervo
_92154
710 2 _aBiblioteca Nacional de Colombia
_91889
710 2 _aUniversidad del Valle
_92155
710 2 _aUniversidad de Cartagena
_92156
710 2 _aUniversidad de Córdoba
_92157
710 2 _aUniversidad Tecnológica de Pereira
_92158
942 _cBKLIT
_2ddc
999 _c9609
_d9609